La “diversidad de diversidades” en el aula : (Record no. 214622)

MARC details
000 -CABECERA
campo de control de longitud fija 01930nab a2200289 i 4500
003 - IDENTIFICADOR DEL NÚMERO DE CONTROL
campo de control MX-MxUPN
005 - FECHA Y HORA DE LA ÚLTIMA TRANSACCIÓN
campo de control 20260217062533.0
007 - CAMPO FIJO DE DESCRIPCIÓN FÍSICA--INFORMACIÓN GENERAL
campo de control de longitud fija cr a
008 - ELEMENTOS DE LONGITUD FIJA--INFORMACIÓN GENERAL
campo de control de longitud fija 260216s2025 cl|q||||o|||| 00| 0 spa d
040 ## - FUENTE DE LA CATALOGACIÓN
Centro catalogador/agencia de origen MX-MxUPN
Lengua de catalogación spa
Centro/agencia transcriptor MX-MxUPN
041 0# - CÓDIGO DE IDIOMA
Código de lengua del texto/banda sonora o título independiente spa
100 1# - ASIENTO PRINCIPAL--NOMBRE PERSONAL
Nombre de persona Mendieta Otálora, William Jesús
9 (RLIN) 58779
100 1# - ASIENTO PRINCIPAL--NOMBRE PERSONAL
Nombre de persona Sánchez Fontalvo, Iván Manuel
9 (RLIN) 58780
100 1# - ASIENTO PRINCIPAL--NOMBRE PERSONAL
Nombre de persona González Monroy, Luis Alfredo
9 (RLIN) 58781
245 13 - MENCIÓN DE TÍTULO
Título La “diversidad de diversidades” en el aula :
Resto del título un reto para las escuelas del siglo XXI
Medio [recurso electrónico en línea]
506 0# - NOTA DE RESTRICCIONES AL ACCESO
Limitaciones de acceso Acceso abierto.
520 3# - NOTA DE RESUMEN, ETC.
Sumario, etc. Actualmente, uno de los paradigmas que surge al hablar de interculturalidad, es el de la diversidad, el cual parte del carácter híbrido de cualquier identidad cultural, étnica, religiosa, de género o de clase social. Estas identidades se articulan a través de la praxis de interacciones entre actores heterogéneos en espacios intersticiales, como los de la escuela, y también se revelan a través de prácticas discriminatorias. Por lo tanto, el objetivo de esta investigación fue develar actitudes discriminatorias bajo la perspectiva del enfoque intercultural e interseccional en la Institución Educativa Departamental Algarrobo (Departamento del Magdalena-Colombia), usando como método de investigación la etnografía educativa. Se identificaron casos de homofobia y xenofobia, que se naturalizan o invisibilizan bajo el rótulo del acoso escolar y que adolecen de abordaje a nivel curricular y desde la práctica pedagógica.
650 #4 - ASIENTO SECUNDARIO DE MATERIA - TERMINO TEMATICO
Término de materia o nombre geográfico como elemento de entrada Discriminación
9 (RLIN) 21028
650 #4 - ASIENTO SECUNDARIO DE MATERIA - TERMINO TEMATICO
Término de materia o nombre geográfico como elemento de entrada Homofobia
9 (RLIN) 18586
653 0# - TERMINO DE INDIZACION - NO CONTROLADO
Término no controlado Racismo
653 0# - TERMINO DE INDIZACION - NO CONTROLADO
Término no controlado Enfoque interseccional
653 0# - TERMINO DE INDIZACION - NO CONTROLADO
Término no controlado Enfoque intercultural
773 ## - ENLACE AL DOCUMENTO FUENTE/ENTRADA DE REGISTRO ANFITRIÓN
Parte(s) relacionada(s) Vol. 51, no 2 (2025), p.325-344
Título Estudios pedagógicos
Número Internacional Normalizado para Publicaciones Seriadas 0718-0705
856 40 - LOCALIZACIÓN Y ACCESO ELECTRÓNICOS
Identificador Uniforme del Recurso <a href="http://revistas.uach.cl/index.php/estped/article/view/7938">http://revistas.uach.cl/index.php/estped/article/view/7938</a>
902 ## - ELEMENTOS DE DATOS B LOCAL, LDB (RLIN)
Creó Víctor Ruiz/160226
942 ## - ELEMENTOS DE PUNTO DE ACCESO ADICIONAL (KOHA)
Fuente del sistema de clasificación o colocación Library of Congress Classification
Tipo de ítem Koha Artículo Electrónico
Holdings
Estado de retiro Estado de pérdida Fuente del sistema de clasificación o colocación Estado dañado No para préstamo Código de colección Localización permanente Ubicación/localización actual Ubicación en estantería Fecha de adquisición Total de préstamos Fecha visto por última vez Identificador Uniforme del Recurso Precio válido a partir de Tipo de ítem Koha
    Library of Congress Classification     Acceso abierto Bib. Gregorio Torres Quintero Bib. Gregorio Torres Quintero En línea 16/02/2026   16/02/2026 http://revistas.uach.cl/index.php/estped/article/view/7938 16/02/2026 Artículo Electrónico